Statistiken für Berühmte Stirnen - Bildquiz

Klicken Sie hier um das Quiz zu spielen!

Allgemein

  • Dieses Quiz wurde 1.324 mal gespielt
  • Das Durchschnittsergebnis liegt bei 10 aus 15

Antwortstatistiken

Antwort% Korrekt
Donald Trump
99%
Königin Elisabeth II.
99%
Albert Einstein
97%
Wladimir Putin
91%
Michael Jackson
89%
Michelle Obama
81%
Mutter Teresa
71%
Roger Federer
71%
Nelson Mandela
68%
Abraham Lincoln
65%
Steve Jobs
63%
Winston Churchill
41%
Elvis Presley
40%
J. K. Rowling
14%
Walt Disney
6%

Verteilung der Resultate

Perzentil nach korrekt beantworteten Fragen

Anzahl Personen mit jedem Resultat

Ihre Resultats-Entwicklung

Sie haben dieses Quiz noch nicht gespielt